Aspekte der Begutachtung und Unterbringung Drogenabhängiger: kriminologische Kritik an einigen alten und neuen Vorschlägen

Gespeichert in:  
Bibliographische Detailangaben
1. VerfasserIn: Kreuzer, Arthur 1938- (Verfasst von)
Medienart: Druck Aufsatz
Sprache:Deutsch
Veröffentlicht: 1991
In: Medizinrecht - Psychopathologie- Rechtsmedizin
Jahr: 1991, Seiten: 87-97
Bestand in Tübingen:In Tübingen vorhanden.
IFK: 7243
Verfügbarkeit prüfen: HBZ Gateway
Schlagwörter:

MARC

LEADER 00000caa a2200000 c 4500
001 1526096080
003 DE-627
005 20240618174441.0
007 tu
008 160223s1991 xx ||||| 00| ||ger c
020 |a 3540534571 
035 |a (DE-627)1526096080 
035 |a (DE-576)456096086 
035 |a (DE-599)BSZ456096086 
040 |a DE-627  |b ger  |c DE-627  |e rakwb 
041 |a ger 
100 1 |a Kreuzer, Arthur  |d 1938-  |0 (DE-588)118152262  |0 (DE-627)079274315  |0 (DE-576)216086213  |4 aut 
109 |a Kreuzer, Arthur 1938- 
245 1 0 |a Aspekte der Begutachtung und Unterbringung Drogenabhängiger  |b kriminologische Kritik an einigen alten und neuen Vorschlägen  |c A. Kreuzer 
264 1 |c 1991 
336 |a Text  |b txt  |2 rdacontent 
337 |a ohne Hilfsmittel zu benutzen  |b n  |2 rdamedia 
338 |a Band  |b nc  |2 rdacarrier 
773 0 8 |i In  |t Medizinrecht - Psychopathologie- Rechtsmedizin  |d Berlin : Springer, 1991  |g (1991), Seite 87-97  |h XXXI, 647 S.  |w (DE-627)276026764  |w (DE-576)024161330  |z 3540534571  |7 nnam 
773 1 8 |g year:1991  |g pages:87-97 
889 |w (DE-627)737518111 
935 |a mkri 
935 |i mdedup 
951 |a AR 
ELC |b 1 
LOK |0 000 xxxxxcx a22 zn 4500 
LOK |0 001 2899605402 
LOK |0 003 DE-627 
LOK |0 004 1526096080 
LOK |0 005 20160223101459 
LOK |0 008 160208||||||||||||||||ger||||||| 
LOK |0 040   |a DE-21-110  |c DE-627  |d DE-21-110 
LOK |0 689   |a s  |a Drogentherapie 
LOK |0 852   |a DE-21-110 
LOK |0 852 1  |c 7243  |m p  |9 00 
LOK |0 935   |a k110 
LOK |0 938   |k p 
LOK |0 939   |a 08-02-16  |b l01 
ORI |a SA-MARC-krimdoka001.raw 
SIG |a IFK: 7243